<?xml version="1.0" encoding="UTF-8"?>
<collection xmlns="http://www.loc.gov/MARC21/slim">
    <record>
        <controlfield tag="001">47982</controlfield>
        <controlfield tag="005">20160303123204.0</controlfield>
        <datafield tag="037" ind1=" " ind2=" ">
            <subfield code="a">TAZ-TFG-2015-863</subfield>
        </datafield>
        <datafield tag="041" ind1=" " ind2=" ">
            <subfield code="a">spa</subfield>
        </datafield>
        <datafield tag="100" ind1="1" ind2=" ">
            <subfield code="a">Chumillas Lidón, Raquel</subfield>
        </datafield>
        <datafield tag="245" ind1="0" ind2="0">
            <subfield code="a">Actualidad en la regeneración del cartílago articular en la Osteoartrosis</subfield>
        </datafield>
        <datafield tag="260" ind1=" " ind2=" ">
            <subfield code="a">Zaragoza</subfield>
            <subfield code="b">Universidad de Zaragoza</subfield>
            <subfield code="c">2015</subfield>
        </datafield>
        <datafield tag="500" ind1=" " ind2=" ">
            <subfield code="a">Resumen disponible también en Inglés. Copias en material físico del trabajo depositadas en secretaria el 02.06.15</subfield>
        </datafield>
        <datafield tag="506" ind1=" " ind2=" ">
            <subfield code="a">by-nc-sa</subfield>
            <subfield code="b">Creative Commons</subfield>
            <subfield code="c">3.0</subfield>
            <subfield code="u">http://creativecommons.org/licenses/by-nc-sa/3.0/</subfield>
        </datafield>
        <datafield tag="520" ind1=" " ind2=" ">
            <subfield code="a">El aumento de la esperanza de vida media y los continuos esfuerzos mecánicos a los que son sometidas diversas articulaciones de nuestro organismo, producen un cambio en la homeostasis del cartílago intraarticular, que por ser avascular y aneural carece de capacidad regenerativa, desarrollando un proceso degenerativo intraarticular conocido como Osteoartorsis. En los últimos años han surgido diferentes alternativas terapéuticas para reparar y promover la regeneración del cartílago intraarticular con el fin de aliviar los síntomas y limitaciones que suponen dicha degeneración. Estas terapias han variado y progresado en función de los resultados clínicos e histopatológicos que se iban obteniendo, desde terapias farmacológicas (por vía oral o infiltradas localmente) , pasando por diferentes técnicas quirúrgicas (mediante las cuales se pretendía estimular las células del tejido intraarticular para promover dicha regeneración) hasta las recientes terapias basadas en ingeniería tisular, que mediante la obtención de células madre mesenquimales y con la ayuda de las características regenerativas del plasma rico en plaquetas y sus factores de crecimiento promueven la síntesis y regeneración de dicho tejido.</subfield>
        </datafield>
        <datafield tag="521" ind1=" " ind2=" ">
            <subfield code="a">Graduado en Medicina</subfield>
        </datafield>
        <datafield tag="540" ind1=" " ind2=" ">
            <subfield code="a">Derechos regulados por licencia Creative Commons</subfield>
        </datafield>
        <datafield tag="700" ind1=" " ind2=" ">
            <subfield code="a">Martínez Tello, Diana Alicia Consuelo</subfield>
            <subfield code="e">dir.</subfield>
        </datafield>
        <datafield tag="710" ind1="2" ind2=" ">
            <subfield code="a">Universidad de Zaragoza</subfield>
            <subfield code="b">Anatomía Patológica, Medicina Legal y Forense y Toxicología</subfield>
            <subfield code="c">Anatomía Patológica</subfield>
        </datafield>
        <datafield tag="856" ind1="0" ind2=" ">
            <subfield code="f">619925@celes.unizar.es</subfield>
        </datafield>
        <datafield tag="856" ind1="4" ind2=" ">
            <subfield code="s">1331961</subfield>
            <subfield code="u">http://zaguan.unizar.es/record/47982/files/TAZ-TFG-2015-863.pdf</subfield>
            <subfield code="y">Memoria (spa)</subfield>
        </datafield>
        <datafield tag="909" ind1="C" ind2="O">
            <subfield code="o">oai:zaguan.unizar.es:47982</subfield>
            <subfield code="p">driver</subfield>
            <subfield code="p">trabajos-fin-grado</subfield>
        </datafield>
        <datafield tag="950" ind1=" " ind2=" ">
            <subfield code="a"></subfield>
        </datafield>
        <datafield tag="951" ind1=" " ind2=" ">
            <subfield code="a">deposita:2016-03-03</subfield>
        </datafield>
        <datafield tag="980" ind1=" " ind2=" ">
            <subfield code="a">TAZ</subfield>
            <subfield code="b">TFG</subfield>
            <subfield code="c">MED</subfield>
        </datafield>
    </record>

    
</collection>